000
00255nam a2200109Ia 4500
008
190216s9999||||xx |||||||||||||| ||und||
100
_a
A R Rajarajavarma
245
0
_a
Malavikas Nimitham
260
_b
Null
650
_a
Malayalam Literaturte
942
_c
BK
999
_c
24361
_d
24361